Rough sets : theoretical aspects of reasoning about data

Αποθηκεύτηκε σε:
Λεπτομέρειες βιβλιογραφικής εγγραφής
Κύριος συγγραφέας: Pawlak, Zdizslaw
Μορφή: Βιβλίο
Γλώσσα:English
Δημοσίευση: Dordrecht : Kluwer, c1991
Σειρά:Theory and decision library. System theory, knowledge engineering and problem solving ; ; 9; Series D
Θέματα:
Ετικέτες: Προσθήκη ετικέτας
Δεν υπάρχουν, Καταχωρήστε ετικέτα πρώτοι!

MARC

LEADER 00000nam a2200000 i 4500
001 1/18214
008 010309s1991 eng d
020 |a 0-7923-1472-7 
035 |l 10066413 
040 |a GR-MY-UA  |b gre  |e aacr 
041 0 |a eng 
082 0 |a 006.3 
100 1 |a Pawlak, Zdizslaw. 
245 1 0 |a Rough sets :  |b theoretical aspects of reasoning about data /  |c by Zdzislaw Pawlak 
260 |a Dordrecht :   |b Kluwer,   |c c1991 
300 |a xvi, 231 p. 
490 1 |a Theory and decision library. System theory, knowledge engineering, and problem solving  |v ; 9; Series D 
504 |a Includes bibliographical references and index 
650 0 0 |a Artificial intelligence. 
650 0 0 |a Knowledge representation (Information theory) 
650 0 0 |a Set theory. 
650 0 0 |a Numerical analysis  |x Data processing. 
830 0 |a Theory and decision library. System theory, knowledge engineering and problem solving ;  |v ; 9; Series D 
852 |a INST  |b CHIOS  |e 20010309  |h 006.3 PAW  |p 005200021249  |q 005200021249  |t BK  |y 0 
901 |a BIBL2-2001-1 
909 |a Χ  |b 086776 
922 |a 2ΕΛΗ  |b 200102  |c ΤΜΟΔ  |d ΜΙΧΑΛΟΠΟΥΛΟΣ 
950 |a 186-2000-09-15 
970 |a ΣΑΛΑΜΟΥΡΑ  |b ΜΑΡΙΑ  |z 2001/03/19